000 00677nam a2200205Ia 4500
001 32920
003 IN-NITTTR
005 20251114233436.0
008 251113s9999||||xx |||||||||||||| ||eng||
040 _beng
040 _cIN-NITTTR
041 _aeng
082 _aQ342
100 _aAngelov, Plamen P.
245 0 _aAdvances in Computational Intelligence Systems :
_b Contributions Presented at the 16th UK Workshop on Computational Intelligence, September 7–9, 2016, Lancaster, UK /
_cAngelov, Plamen P., Gegov, Alexander, Jayne, Chrisina, Shen, Qiang
700 _a Gegov, Alexander
700 _a Jayne, Chrisina
700 _a Shen, Qiang
942 _2ddc
_cBK
999 _c35569
_d35569